书目信息 |
| 题名: |
UG NX 4实例教程
|
|
| 作者: | 陈明 , 胡建生 , 张建荣 编著 | |
| 分册: | ||
| 出版信息: | 北京 化学工业出版社 2008 |
|
| 页数: | 322页 | |
| 开本: | 26cm | |
| 丛书名: | ||
| 单 册: | ||
| 中图分类: | TB472-39 | |
| 科图分类: | ||
| 主题词: | 工业产品--计算机辅助设计--图形软件--教材 , 工业产品 , 计算机辅助设计 , 图形软件 | |
| 电子资源: | ||
| ISBN: | 978-7-122-01445-0 | |
| 000 | 01032nam0 2200289 45 | |
| 001 | 1029918449 | |
| 005 | 20100429093736.67 | |
| 010 | @a978-7-122-01445-0@dCNY39.80 | |
| 100 | @a20100420d2008 em y0chiy0120 ea | |
| 101 | 0 | @achi |
| 102 | @aCN@b110000 | |
| 105 | @ay z 000yy | |
| 106 | @ar | |
| 200 | 1 | @aUG NX 4实例教程@AUG NX 4 Shi Li Jiao Cheng@f陈明,胡建生,张建荣编著@FChen Ming, Hu Jian Sheng, Zhang Jian Rong Bian Zhu |
| 210 | @a北京@c化学工业出版社@d2008 | |
| 215 | @a322页@d26cm | |
| 330 | @a本书通过图文并茂的实例讲解了UG NX 4软件的基础知识和使用方法。具体包括轴类零件、叉架类零件、盘类零件、箱体类零件等典型机械零件的造型方法和零部件的装配等操作。 | |
| 606 | 0 | @a工业产品@x计算机辅助设计@x图形软件@j教材 |
| 606 | 0 | @a工业产品 |
| 606 | 0 | @a计算机辅助设计 |
| 606 | 0 | @a图形软件 |
| 690 | @aTB472-39@v4 | |
| 701 | 0 | @a陈明@AChen Ming@4编著 |
| 701 | 0 | @a胡建生@AHu Jian Sheng@4编著 |
| 701 | 0 | @a张建荣@AZhang Jian Rong@4编著 |
| 801 | 0 | @aCN@bTANGWEI@c20100429 |
| 905 | @b0594258-62@dTB472-39@e210@f5 | |
| UG NX 4实例教程/陈明,胡建生,张建荣编著.-北京:化学工业出版社,2008 |
| 322页;26cm |
| ISBN 978-7-122-01445-0:CNY39.80 |
| 本书通过图文并茂的实例讲解了UG NX 4软件的基础知识和使用方法。具体包括轴类零件、叉架类零件、盘类零件、箱体类零件等典型机械零件的造型方法和零部件的装配等操作。 |
| ● |
| 相关链接 |
|
|
|
|
正题名:UG NX 4实例教程
索取号:TB472-39/210
 
预约/预借
| 序号 | 登录号 | 条形码 | 馆藏地/架位号 | 状态 | 备注 |
| 1 | 0594258 | 205942587 | 第二样本阅览室/ [索取号:TB472-39/210] | 在馆 | |
| 2 | 0594259 | 205942596 | 第三借阅区/ [索取号:TB472-39/210] | 在馆 | |
| 3 | 0594260 | 205942603 | 第三借阅区/ [索取号:TB472-39/210] | 在馆 | |
| 4 | 0594261 | 205942612 | 第三借阅区/ [索取号:TB472-39/210] | 在馆 | |
| 5 | 0594262 | 205942621 | 第三借阅区/ [索取号:TB472-39/210] | 在馆 |